Catálogo

IMAGES IN LANGUAGE, MEDIA, AND MIND (Registro nro. 14969)

Detalles MARC
000 -LEADER
fixed length control field 00439nam a2200169 a 4500
001 - CONTROL NUMBER
control field 14969
005 - DATE AND TIME OF LATEST TRANSACTION
control field 20180713203532.0
008 - FIXED-LENGTH DATA ELEMENTS--GENERAL INFORMATION
fixed length control field 140415s1994 000 0 eng d
020 ## - INTERNATIONAL STANDARD BOOK NUMBER
International Standard Book Number 0814122817
041 ## - LANGUAGE CODE
Language code of text/sound track or separate title eng
082 ## - DEWEY DECIMAL CLASSIFICATION NUMBER
Classification number 302.222
Item number IMA
245 00 - TITLE STATEMENT
Title IMAGES IN LANGUAGE, MEDIA, AND MIND
250 ## - EDITION STATEMENT
Edition statement 1a ed.
260 ## - PUBLICATION, DISTRIBUTION, ETC.
Place of publication, distribution, etc. [s.l.] :
Name of publisher, distributor, etc. NCTE,
Date of publication, distribution, etc. 1994
300 ## - PHYSICAL DESCRIPTION
Extent 246
650 14 - SUBJECT ADDED ENTRY--TOPICAL TERM
Topical term or geographic name entry element COMUNICACION VISUAL
General subdivision PSICOLINGUISTICA
Existencias
Withdrawn status Lost status Source of classification or shelving scheme Damaged status Not for loan Collection code Home library Current library Shelving location Date acquired Source of acquisition Inventory number Total Checkouts Full call number Barcode Date last seen Price effective from Koha item type
    Dewey Decimal Classification     General Biblioteca Karol Wojtyla Biblioteca Karol Wojtyla Sala general 03/12/2013 Compra 151000000000000000057464   302.222 IMA 32388 05/01/2026 03/12/2013 Libro